000 00505nam a2200181Ia 4500
001 11284
005 20260306162816.0
008 260306t1964||||xx |||||||||||||| ||spa||
041 _aESP
082 _a985.02
_bT79
100 _aConde de Canilleros [seud.]
_eAUT
245 0 _aTres testigos de la conquista del Perú:
_b(Hernando Pizarro, Juan Ruiz de Arce y Diego de Trujillo)
260 _c1964
300 _a141 páginas :
_c18 cm.
650 _aGEN
654 _aCHU
942 _cLIB
_dJUS
_fJUS
_2ddc
_n
999 _c11284
_d11284